Home Print Resources E-Books E-Journals IIMT Lecture Series Library Membership Form Book Recommendation Form Campus Tour Take AdmissionAbout Us Contact Us

Design of Analog Filters (Record no. 5965)

000 -LEADER
fixed length control field 00354nam a2200157Ia 4500
003 - CONTROL NUMBER IDENTIFIER
control field OSt
005 - DATE AND TIME OF LATEST TRANSACTION
control field 20240106122546.0
008 - FIXED-LENGTH DATA ELEMENTS--GENERAL INFORMATION
fixed length control field 170524s9999 xx 000 0 und d
020 ## - INTERNATIONAL STANDARD BOOK NUMBER
International Standard Book Number 9780195680874
040 ## - CATALOGING SOURCE
Transcribing agency IIMT UNIVERSITY
100 ## - MAIN ENTRY--PERSONAL NAME
Personal name Schaumann- Rolf
245 #0 - TITLE STATEMENT
Title Design of Analog Filters
260 ## - PUBLICATION, DISTRIBUTION, ETC.
Name of publisher, distributor, etc. Oxford
260 ## - PUBLICATION, DISTRIBUTION, ETC.
Date of publication, distribution, etc. 2011
942 ## - ADDED ENTRY ELEMENTS (KOHA)
Source of classification or shelving scheme
Koha item type Book Bank
Holdings
Withdrawn status Lost status Source of classification or shelving scheme Damaged status Not for loan Home library Current library Date acquired Barcode Date last seen Uniform Resource Identifier Price effective from Koha item type Public note Source of acquisition Total Checkouts Date last checked out
          IIMT Engineering College-BTech IIMT Engineering College-BTech 11/18/2011 06-B-53859 01/16/2025   07/03/2017 Text-Book- for 7 days   3 1 10/01/2024
          IIMT Engineering College-BTech IIMT Engineering College-BTech 01/06/2012 06-B-54584 07/03/2017   07/03/2017 Text-Book- for 7 days   3    
          IIMT University Central Library Meerut IIMT University Central Library Meerut 05/31/2017 01-B-55099 05/31/2017 Design of Analog Filters 05/31/2017 Reference Book Engineering Departmental Library books      
          IIMT University Central Library Meerut IIMT University Central Library Meerut 05/31/2017 01-B-55100 05/31/2017 Design of Analog Filters 05/31/2017 Book Bank        
          IIMT University Central Library Meerut IIMT University Central Library Meerut 05/31/2017 01-B-120916 05/31/2017 Design of Analog Filters 05/31/2017 Book Bank        
IIMT, Central Library. All Rights Reserved IIMT,UNIVERSITY © 2023
Implemented and Customised by I CLOUDE EMS
You Are OPAC Visitor No
free web counter

Powered by Koha